000
00300nam a2200133Ia 4500
008
231129s1974||||xx |||||||||||||| ||spa||
040
_b
spa
082
_a
923.58 P855b
100
_a
Posada Eduardo
245
0
_a
Biografia de Cordoba
260
_c
1974
264
_a
Banco Popular
942
_2
ddc
_c
BKS
999
_c
6182
_d
6182